Avron Sutzkever, Le Ghetto de Wilno, 1941-1944, trad. du yiddish par Gilles Rozier, préface d’Anette Wieviorka, Paris, Denoël & d’ailleurs, 2013, 385 pages (notice n° 1605287)

détails MARC
000 -LEADER
fixed length control field 02379cam a2200181 4500500
005 - DATE AND TIME OF LATEST TRANSACTION
control field 20251228095009.0
041 ## - LANGUAGE CODE
Language code of text/sound track or separate title fre
042 ## - AUTHENTICATION CODE
Authentication code dc
100 10 - MAIN ENTRY--PERSONAL NAME
Personal name Le Moing, Monique
Relator term author
245 00 - TITLE STATEMENT
Title Avron Sutzkever, Le Ghetto de Wilno, 1941-1944, trad. du yiddish par Gilles Rozier, préface d’Anette Wieviorka, Paris, Denoël & d’ailleurs, 2013, 385 pages
260 ## - PUBLICATION, DISTRIBUTION, ETC.
Date of publication, distribution, etc. 2014.<br/>
500 ## - GENERAL NOTE
General note 51
520 ## - SUMMARY, ETC.
Summary, etc. La révolution portugaise de 1974-1975 a résulté de la transformation d’un Coup d’État militaire aux caractéristiques historiques particulières en un processus révolutionnaire aussi imprévu qu’impétueux, qui a bouleversé les fondements de la société portugaise. À partir de l’« Été Chaud » de 1975, le processus révolutionnaire a été soumis à une succession d’avatars qui l’ont réduit à un processus politico-militaire et à la « normalisation démocratique » de 1976. La révolution n’avait pas réussi à atteindre ses objectifs mais laissait sa marque génétique sur la démocratie sur laquelle elle avait débouché.
520 ## - SUMMARY, ETC.
Summary, etc. The Portuguese Revolution of 1974-1975 was the outcome of a specific historical Military Coup which turned into an unexpected and impetuous revolutionary process, upsetting the bases of Portuguese society. From the “hot summer” of 1975 on, the revolutionary process underwent a series of transformations which reduced it to a political and military process, leading to its “democratic normalization” in 1976. Though the revolution did not achieve its goals, it has left its genetic imprint on the democracy that rose out of it.
520 ## - SUMMARY, ETC.
Summary, etc. A Revolução portuguesa de 1974/1975 resultou da transformação de um golpe militar de características históricas singulares num tão imprevisto como impetuoso processo revolucionário que subverteu os fundamentos da sociedade portuguesa. A partir do “Verão quente” de 1975 o processo revolucionário sofreu uma sucessão de revezes que conduziram à sua contenção político-militar e à “normalização democrática” de 1976. A revolução não lograra atingir os seus objetivos, mas deixava a sua marca genética na democracia em que desaguou.
786 0# - DATA SOURCE ENTRY
Note Sigila | 34 | 2 | 2014-10-01 | p. 193b-195b | 1286-1715
856 41 - ELECTRONIC LOCATION AND ACCESS
Uniform Resource Identifier <a href="https://shs.cairn.info/revue-sigila-2014-2-page-193b?lang=fr&redirect-ssocas=7080">https://shs.cairn.info/revue-sigila-2014-2-page-193b?lang=fr&redirect-ssocas=7080</a>

Pas d'exemplaire disponible.

PLUDOC

PLUDOC est la plateforme unique et centralisée de gestion des bibliothèques physiques et numériques de Guinée administré par le CEDUST. Elle est la plus grande base de données de ressources documentaires pour les Étudiants, Enseignants chercheurs et Chercheurs de Guinée.

Adresse

627 919 101/664 919 101

25 boulevard du commerce
Kaloum, Conakry, Guinée

Réseaux sociaux

Powered by Netsen Group @ 2025